[Event "Livorno op 7th"]
[Site "Livorno"]
[Date "2011.07.03"]
[Round "5"]
[White "Bini, Alessandro"]
[Black "Soventi, Maurizio"]
[Result "1-0"]
[WhiteElo "1915"]
[BlackElo "1874"]
[PlyCount "74"]
[EventDate "2011.07.01"]
[EventType "swiss"]
[EventRounds "5"]
[EventCountry "ITA"]
[SourceTitle "EXT 2014"]
[Source "ChessBase"]
[SourceDate "2013.11.20"]
[SourceVersion "1"]
[SourceVersionDate "2013.11.20"]
[SourceQuality "1"]

1. c4 e5 2. Nc3 Nf6 3. g3 Nc6 4. Bg2 Bb4 5. Nd5 Nxd5 6. cxd5 Ne7 7. a3 Ba5 8. b4 Bb6 9. Bb2 d6 10. Qb3 0-0 11. Nf3 c6 12. dxc6 Nxc6 13. d3 Be6 14. Qd1 Qe7 15. 0-0 f6 16. e3 d5 17. b5 Na5 18. Bc3 Qd8 19. d4 e4 20. Nd2 Rc8 21. Bb4 Rf7 22. Rc1 Rfc7 23. Rxc7 Qxc7 24. f3 f5 25. Bh3 Nc4 26. Nxc4 Qxc4 27. fxe4 dxe4 28. Bxf5 Bxf5 29. Rxf5 h6 30. Qf1 Qxf1+ 31. Rxf1 a5 32. bxa6 bxa6 33. Rf4 a5 34. Bd6 Re8 35. Rf5 Re6 36. Bc5 g6 37. Rd5 Bxc5 1-0

[Event "Livorno op 7th"]
[Site "Livorno"]
[Date "2011.07.03"]
[Round "4"]
[White "Soventi, Maurizio"]
[Black "Brioschi, Camillo"]
[Result "1-0"]
[WhiteElo "1874"]
[BlackElo "1832"]
[PlyCount "69"]
[EventDate "2011.07.01"]
[EventType "swiss"]
[EventRounds "5"]
[EventCountry "ITA"]
[SourceTitle "EXT 2014"]
[Source "ChessBase"]
[SourceDate "2013.11.20"]
[SourceVersion "1"]
[SourceVersionDate "2013.11.20"]
[SourceQuality "1"]

1. d4 Nf6 2. c4 g6 3. f3 d5 4. cxd5 Nxd5 5. e4 Nf6 6. Be3 Bg7 7. Nc3 0-0 8. Qd2 c6 9. 0-0-0 Qa5 10. Bc4 Nbd7 11. g4 b5 12. Bb3 Nb6 13. Nce2 Qa6 14. Bh6 Be6 15. Bxg7 Bxb3 16. axb3 Kxg7 17. h4 h5 18. gxh5 Nxh5 19. Nh3 e5 20. Qg5 f6 21. Qg2 Kh7 22. Rhg1 Rg8 23. dxe5 Nd5 24. exd5 cxd5 25. Kb1 fxe5 26. Ng5+ Kg7 27. Rxd5 Rad8 28. Rgd1 Rxd5 29. Rxd5 Nf6 30. Rd1 Qc8 31. Nc3 b4 32. Nce4 Nxe4 33. fxe4 Qc6 34. Qg4 Qf6 35. Qd7+ 1-0

[Event "Viareggio Carnevale op 5th"]
[Site "Viareggio"]
[Date "2000.02.25"]
[Round "1"]
[White "Soventi, Maurizio"]
[Black "Femiano, Andrea"]
[Result "0-1"]
[WhiteElo "1500"]
[BlackElo "2163"]
[PlyCount "60"]
[EventDate "2000.02.25"]
[EventType "swiss"]
[EventRounds "5"]
[EventCountry "ITA"]
[SourceTitle "EXT 2024"]
[Source "ChessBase"]
[SourceDate "2023.10.10"]
[SourceVersion "1"]
[SourceVersionDate "2023.10.10"]
[SourceQuality "1"]

1. e4 c5 2. c3 Nf6 3. e5 Nd5 4. d4 cxd4 5. cxd4 b6 6. Nf3 Bb7 7. Be2 e6 8. 0-0 Be7 9. Nc3 Nxc3 10. bxc3 Qc7 11. Bb2 0-0 12. Rc1 d6 13. Ba3 Nc6 14. exd6 Bxd6 15. Bxd6 Qxd6 16. Bd3 Rad8 17. Ng5 g6 18. Ne4 Qc7 19. Qd2 Kg7 20. Ng5 h6 21. Nf3 e5 22. Qc2 f5 23. dxe5 Nxe5 24. Nd4 Rf6 25. Bb5 Ng4 26. g3 f4 27. Rfe1 fxg3 28. fxg3 Qc5 29. Qe2 Qd5 30. Bc4 Qh1# 0-1